Inovovaný model EFQM - orientace na vyjímečnost

Charakteristika štruktúry a kritérií inovovaného EFQM Modelu výnimočnosti. Informácie o najdôležitejších zmenách a úpravách modelu EFQM v porovnaní s doterajším Európskym modelom TQM.

Gespeichert in:
Bibliographische Detailangaben
1. Verfasser: Nenadál, Jaroslav
Format: Buchkapitel
Sprache:Tschechisch
Schlagworte:
Tags: Tag hinzufügen
Keine Tags, Fügen Sie das erste Tag hinzu!

MARC

LEADER 00000naa a2200000 4500
001 r038149
005 20231002065509.6
041 0 |a cze 
044 |a SK 
245 1 0 |a Inovovaný model EFQM - orientace na vyjímečnost  |c Jaroslav Nenadál 
520 |a Charakteristika štruktúry a kritérií inovovaného EFQM Modelu výnimočnosti. Informácie o najdôležitejších zmenách a úpravách modelu EFQM v porovnaní s doterajším Európskym modelom TQM. 
610 2 0 |a riadenie kvality 
610 2 0 |a modely 
610 2 0 |a model EFQM 
610 2 0 |a TQM 
610 2 0 |a inovácia 
610 2 0 |a kvalita 
100 1 |a Nenadál, Jaroslav